[Event "SC-2014-0-00247"]
[Site "LSS email"]
[Date "2014.12.02"]
[Round "?"]
[White "Timkin, Nikolay"]
[Black "Moreira, Carlos"]
[Result "0-1"]
[WhiteElo "1775"]
[BlackElo "1728"]
[PlyCount "90"]
[EventDate "2014.11.09"]
[EventType "tourn (corr)"]
[EventRounds "6"]
[EventCountry "GER"]
[SourceTitle "Corr 2022"]
[Source "ChessBase"]
[SourceDate "2021.10.24"]
[SourceVersion "1"]
[SourceVersionDate "2021.10.24"]
[SourceQuality "1"]

1. e4 e5 2. Nf3 Nc6 3. Bb5 a6 4. Ba4 Nf6 5. 0-0 Be7 6. Re1 b5 7. Bb3 d6 8. c3 0-0 9. h3 h6 10. d4 Re8 11. Nbd2 Bf8 12. Nf1 Bb7 13. Ng3 Na5 14. Bc2 Nc4 15. b3 Nb6 16. Bb2 g6 17. Bd3 Bg7 18. Qc2 Nfd7 19. Rab1 d5 20. Ba3 dxe4 21. Bxe4 Bxe4 22. Rxe4 f5 23. Re2 e4 24. Rbe1 Qf6 25. Nd2 Nd5 26. Ndf1 c5 27. dxc5 Nxc3 28. Rd2 Ne5 29. f3 Nd3 30. Re3 Nd5 31. Ree2 N5f4 32. Re3 Qg5 33. fxe4 Bd4 34. Kh2 Bxe3 35. Nxe3 fxe4 36. Qc3 Qe5 37. Qxe5 Rxe5 38. Ng4 e3 39. Rxd3 Nxd3 40. Nxe5 Nxe5 41. Bc1 Re8 42. Bxe3 Ng4+ 43. hxg4 Rxe3 44. c6 Kf7 45. c7 Rc3 0-1

[Event "FICGS class C 000209 email"]
[Site "FICGS email"]
[Date "2014.04.10"]
[Round "1"]
[White "Sayers, Michael"]
[Black "Timkin, Nikolay"]
[Result "0-1"]
[WhiteElo "1800"]
[BlackElo "1726"]
[PlyCount "86"]
[EventDate "2014.??.??"]
[EventType "tourn (corr)"]
[EventRounds "4"]
[SourceTitle "Corr 2022"]
[Source "ChessBase"]
[SourceDate "2021.10.24"]
[SourceVersion "1"]
[SourceVersionDate "2021.10.24"]
[SourceQuality "1"]

1. e4 e5 2. f4 Bc5 3. Nf3 d6 4. b4 Bb6 5. fxe5 dxe5 6. Bc4 Nf6 7. d3 Nc6 8. Rf1 0-0 9. c3 a6 10. Qb3 h6 11. a4 Bg4 12. h3 Bd7 13. Qa2 Qe8 14. a5 Ba7 15. Nh4 Kh7 16. g4 Be6 17. Bxe6 fxe6 18. Qe2 Ng8 19. Rxf8 Qxf8 20. g5 Rd8 21. Ra2 Qd6 22. Rd2 Rf8 23. Nf3 Qd7 24. Ba3 Rd8 25. b5 axb5 26. Rb2 Nge7 27. Rxb5 Ng6 28. Bc1 b6 29. gxh6 gxh6 30. axb6 Bxb6 31. d4 Qf7 32. Qd2 Qg7 33. Qg2 Qf6 34. Qg3 Rf8 35. Nh2 Qf7 36. Na3 exd4 37. Nc4 dxc3 38. Nxb6 cxb6 39. Rb3 c2 40. Rf3 Qe7 41. Rxf8 Qb4+ 42. Kf1 Qxf8+ 43. Qf3 Nd4 0-1

[Event "FICGS class C 000209 email"]
[Site "FICGS email"]
[Date "2014.04.10"]
[Round "1"]
[White "Timkin, Nikolay"]
[Black "Vollmer, Steve"]
[Result "1-0"]
[WhiteElo "1726"]
[BlackElo "1634"]
[PlyCount "37"]
[EventDate "2014.??.??"]
[EventType "tourn (corr)"]
[EventRounds "4"]
[SourceTitle "Corr 2022"]
[Source "ChessBase"]
[SourceDate "2021.10.24"]
[SourceVersion "1"]
[SourceVersionDate "2021.10.24"]
[SourceQuality "1"]

1. e4 c5 2. Nf3 Nc6 3. d4 cxd4 4. Nxd4 d6 5. Nc3 a6 6. Be3 Nf6 7. f3 g6 8. Qd2 Nxd4 9. Bxd4 Bd7 10. Nd5 Bg7 11. Bb6 Qc8 12. Nc7+ Kf8 13. Nxa8 Nxe4 14. fxe4 Qc6 15. 0-0-0 h5 16. Qb4 Bh6+ 17. Kb1 Kg7 18. Nc7 Rc8 19. Rd3 1-0

[Event "FICGS class C 000209 email"]
[Site "FICGS email"]
[Date "2014.04.10"]
[Round "1"]
[White "Timkin, Nikolay"]
[Black "Ward, David"]
[Result "1-0"]
[WhiteElo "1726"]
[BlackElo "1792"]
[PlyCount "65"]
[EventDate "2014.??.??"]
[EventType "tourn (corr)"]
[EventRounds "4"]
[SourceTitle "Corr 2022"]
[Source "ChessBase"]
[SourceDate "2021.10.24"]
[SourceVersion "1"]
[SourceVersionDate "2021.10.24"]
[SourceQuality "1"]

1. e4 e5 2. Nf3 Nc6 3. Bb5 a6 4. Ba4 Nf6 5. 0-0 b5 6. Bb3 Bb7 7. d3 d6 8. Ng5 d5 9. exd5 Nd4 10. c4 Be7 11. Nf3 Nxb3 12. axb3 Qd6 13. Qe2 Nd7 14. d4 e4 15. Qxe4 Nf6 16. Qd3 0-0 17. Nc3 Rfe8 18. Re1 Qb4 19. Ne2 bxc4 20. bxc4 Bf8 21. Bd2 Qd6 22. Nc3 Rxe1+ 23. Rxe1 Qd8 24. Ne5 Qc8 25. Qf3 Rb8 26. Bg5 Be7 27. Nc6 Bxc6 28. Rxe7 Be8 29. Bxf6 gxf6 30. Ne4 Rxb2 31. Nxf6+ Kf8 32. Re1 Kg7 33. Nh5+ 1-0

[Event "FICGS class C 000188 email"]
[Site "FICGS email"]
[Date "2013.04.18"]
[Round "1"]
[White "D Agostino, Gabriele"]
[Black "Timkin, Nikolay"]
[Result "1-0"]
[WhiteElo "2000"]
[BlackElo "1897"]
[PlyCount "73"]
[EventDate "2013.??.??"]
[EventType "tourn (corr)"]
[EventRounds "1"]
[SourceTitle "Corr 2022"]
[Source "ChessBase"]
[SourceDate "2021.10.24"]
[SourceVersion "1"]
[SourceVersionDate "2021.10.24"]
[SourceQuality "1"]

1. e4 c5 2. Nf3 Nc6 3. d4 cxd4 4. Nxd4 Nf6 5. Nc3 e6 6. Ndb5 d6 7. Bf4 e5 8. Bg5 a6 9. Na3 b5 10. Bxf6 gxf6 11. Nd5 Bg7 12. c3 f5 13. Bd3 Be6 14. 0-0 Bxd5 15. exd5 Ne7 16. Qh5 e4 17. Be2 0-0 18. Nc2 Rc8 19. Ne3 f4 20. Nf5 Re8 21. a4 Nxf5 22. Qxf5 f3 23. gxf3 b4 24. cxb4 Bxb2 25. Rab1 Re5 26. Qh3 Rg5+ 27. Kh1 Be5 28. b5 axb5 29. axb5 exf3 30. Bxf3 f5 31. Bh5 Rc3 32. f3 Rc4 33. b6 Rxh5 34. Qxh5 Rh4 35. b7 Rxh5 36. b8Q Rxh2+ 37. Kg1 1-0

[Event "FICGS class C 000188 email"]
[Site "FICGS email"]
[Date "2013.04.18"]
[Round "1"]
[White "Timkin, Nikolay"]
[Black "Conner, Gary"]
[Result "0-1"]
[WhiteElo "1897"]
[BlackElo "1990"]
[PlyCount "80"]
[EventDate "2013.??.??"]
[EventType "tourn (corr)"]
[EventRounds "1"]
[SourceTitle "Corr 2022"]
[Source "ChessBase"]
[SourceDate "2021.10.24"]
[SourceVersion "1"]
[SourceVersionDate "2021.10.24"]
[SourceQuality "1"]

1. e4 e5 2. Nf3 Nc6 3. Bb5 a6 4. Ba4 Nf6 5. 0-0 Be7 6. Re1 b5 7. Bb3 0-0 8. c3 d5 9. exd5 Nxd5 10. Nxe5 Nxe5 11. Rxe5 c6 12. d4 Bd6 13. Re1 Qh4 14. g3 Qh3 15. Be3 Bg4 16. Qd3 Rae8 17. Nd2 Qh5 18. a4 Re6 19. axb5 axb5 20. Nf1 Bf5 21. Qd2 Bh3 22. Bd1 Qg6 23. Bf3 Qf5 24. Qd1 h5 25. Ra6 Bc7 26. Nd2 h4 27. Bxd5 cxd5 28. Rxe6 fxe6 29. Qe2 Qg6 30. Kh1 hxg3 31. fxg3 b4 32. cxb4 Bg4 33. Qa6 Bf5 34. Bf4 Bxf4 35. gxf4 Qf6 36. Qa7 Qh4 37. Rg1 g6 38. Qc7 Qf2 39. Qc3 e5 40. Rg2 Qxf4 0-1

[Event "FICGS class C 000187 email"]
[Site "FICGS email"]
[Date "2013.04.04"]
[Round "1"]
[White "Sorcinelli, Andrea"]
[Black "Timkin, Nikolay"]
[Result "1-0"]
[WhiteElo "1867"]
[BlackElo "1897"]
[PlyCount "69"]
[EventDate "2013.??.??"]
[EventType "tourn (corr)"]
[EventRounds "1"]
[SourceTitle "Corr 2022"]
[Source "ChessBase"]
[SourceDate "2021.10.24"]
[SourceVersion "1"]
[SourceVersionDate "2021.10.24"]
[SourceQuality "1"]

1. e4 c5 2. Nf3 Nc6 3. d4 cxd4 4. Nxd4 Nf6 5. Nc3 d6 6. Bg5 e6 7. Qd2 a6 8. 0-0-0 Qb6 9. Nb3 Be7 10. f3 0-0 11. Kb1 Rd8 12. h4 Qc7 13. g4 b5 14. Qf2 b4 15. Na4 Rb8 16. Be3 Ne5 17. Bb6 Qc6 18. g5 Nxe4 19. fxe4 Rd7 20. g6 hxg6 21. h5 gxh5 22. Rxh5 Qxa4 23. Qh2 Ng6 24. Bc4 Rxb6 25. Rh1 Bh4 26. Rxh4 Kf8 27. Qg1 Nxh4 28. Rxh4 Ke7 29. Qxb6 Rb7 30. Qg1 Qe8 31. Bxa6 Rc7 32. Qg5+ f6 33. Qxg7+ Qf7 34. Qxf7+ Kxf7 35. Rh7+ 1-0

[Event "FICGS class C 000187 email"]
[Site "FICGS email"]
[Date "2013.04.04"]
[Round "1"]
[White "Timkin, Nikolay"]
[Black "Duenas, Alexis"]
[Result "0-1"]
[WhiteElo "1897"]
[BlackElo "1809"]
[PlyCount "106"]
[EventDate "2013.??.??"]
[EventType "tourn (corr)"]
[EventRounds "1"]
[SourceTitle "Corr 2022"]
[Source "ChessBase"]
[SourceDate "2021.10.24"]
[SourceVersion "1"]
[SourceVersionDate "2021.10.24"]
[SourceQuality "1"]

1. e4 e5 2. Nf3 Nc6 3. Bb5 a6 4. Ba4 Nf6 5. 0-0 Be7 6. Re1 b5 7. Bb3 d6 8. h3 0-0 9. c3 Na5 10. Bc2 c5 11. d4 Qc7 12. Nbd2 cxd4 13. cxd4 Nc6 14. Nb3 a5 15. Be3 a4 16. Nbd2 Bd7 17. Rc1 Qb7 18. Qe2 Rfe8 19. Bd3 Rab8 20. dxe5 Nxe5 21. Nxe5 dxe5 22. Nf3 Bb4 23. Red1 Bc6 24. Bc5 Bxc5 25. Rxc5 Nd7 26. Rc3 h6 27. Nh4 g6 28. Bc2 Re6 29. Rg3 Kh7 30. Nf5 Qc7 31. Ne3 Nf6 32. Nd5 Qb7 33. Nxf6+ Rxf6 34. Rc3 Qb6 35. Rf3 Rxf3 36. Qxf3 Be8 37. Rd5 Qc7 38. Bd1 Rd8 39. Qd3 Rxd5 40. Qxd5 Kg7 41. Kh2 b4 42. f3 h5 43. Qd2 Qd7 44. Qxd7 Bxd7 45. Kg3 a3 46. bxa3 bxa3 47. Bb3 f6 48. Kf2 h4 49. Bc4 f5 50. exf5 gxf5 51. g3 hxg3+ 52. Kxg3 f4+ 53. Kg2 Kh6 0-1

[Event "FICGS class C 000187 email"]
[Site "FICGS email"]
[Date "2013.04.04"]
[Round "1"]
[White "Timkin, Nikolay"]
[Black "Mevel, Alberic"]
[Result "0-1"]
[WhiteElo "1897"]
[BlackElo "1986"]
[PlyCount "44"]
[EventDate "2013.??.??"]
[EventType "tourn (corr)"]
[EventRounds "1"]
[SourceTitle "Corr 2022"]
[Source "ChessBase"]
[SourceDate "2021.10.24"]
[SourceVersion "1"]
[SourceVersionDate "2021.10.24"]
[SourceQuality "1"]

1. e4 d5 2. exd5 Nf6 3. Bb5+ Nbd7 4. c4 a6 5. Bxd7+ Qxd7 6. Nc3 e6 7. dxe6 Qxe6+ 8. Qe2 b5 9. cxb5 axb5 10. Nxb5 Nd5 11. Qxe6+ fxe6 12. Ne2 Ba6 13. Nec3 Kd7 14. d4 Nb4 15. Kd2 Be7 16. a3 Nc6 17. a4 Rhb8 18. f4 Na5 19. Rb1 c6 20. Na3 Nb3+ 21. Ke3 g5 22. Rd1 gxf4+ 0-1

[Event "SB-2012-0-00280"]
[Site "LSS email"]
[Date "2013.01.21"]
[Round "?"]
[White "Ustimenko, Aleksandr"]
[Black "Timkin, Nikolay"]
[Result "1-0"]
[WhiteElo "2079"]
[BlackElo "1766"]
[PlyCount "79"]
[EventDate "2012.12.26"]
[EventType "tourn (corr)"]
[EventRounds "6"]
[EventCountry "GER"]
[SourceTitle "Telechess CBM 167"]
[Source "ChessBase"]
[SourceDate "2015.07.13"]
[SourceVersion "1"]
[SourceVersionDate "2015.07.13"]
[SourceQuality "1"]

1. e4 e5 2. Nf3 Nc6 3. Bb5 a6 4. Ba4 Nf6 5. 0-0 Be7 6. d4 exd4 7. e5 Nd5 8. Bb3 Nb6 9. Re1 d5 10. exd6 Qxd6 11. Bg5 f6 12. Bh4 Bg4 13. Bg3 Ne5 14. Nbd2 0-0-0 15. Re4 Bxf3 16. Nxf3 Nbd7 17. Qe2 Nxf3+ 18. gxf3 Ne5 19. Rd1 Kb8 20. Rexd4 Qxd4 21. Rxd4 Rxd4 22. f4 Ng6 23. c3 Rdd8 24. Qg4 Bf8 25. h4 Rd2 26. h5 Ne7 27. Qe6 Rd6 28. Qe4 Rd8 29. f5 Nc6 30. Qg2 Rd2 31. Bd5 Ne5 32. Bxb7 Rxb2 33. Bxa6 Bc5 34. Qd5 Be7 35. Bxe5 fxe5 36. Be2 Rd8 37. Qe4 Bd6 38. Bf3 Ka7 39. h6 gxh6 40. f6 1-0

[Event "SB-2012-0-00280"]
[Site "LSS email"]
[Date "2013.01.20"]
[Round "?"]
[White "Ress, Jacques"]
[Black "Timkin, Nikolay"]
[Result "1-0"]
[WhiteElo "2156"]
[BlackElo "1766"]
[PlyCount "63"]
[EventDate "2012.12.26"]
[EventType "tourn (corr)"]
[EventRounds "6"]
[EventCountry "GER"]
[SourceTitle "Telechess CBM 167"]
[Source "ChessBase"]
[SourceDate "2015.07.13"]
[SourceVersion "1"]
[SourceVersionDate "2015.07.13"]
[SourceQuality "1"]

1. d4 Nf6 2. c4 e6 3. Nc3 d5 4. cxd5 exd5 5. Bg5 Be7 6. Qc2 0-0 7. e3 c6 8. Bd3 Nbd7 9. Nge2 Re8 10. 0-0 Nf8 11. f3 Ng6 12. Rad1 h6 13. Bxf6 Bxf6 14. Bxg6 fxg6 15. e4 g5 16. e5 Be7 17. f4 gxf4 18. Nxf4 Bg4 19. Qg6 Qc8 20. Nfxd5 Be6 21. Rf8+ Kxf8 22. Qh7 cxd5 23. Rf1+ Bf5 24. Rxf5+ Qxf5 25. Qxf5+ Kg8 26. Nxd5 Kh8 27. Nxe7 Rxe7 28. d5 Rd8 29. d6 Red7 30. h3 a6 31. e6 Rxd6 32. e7 1-0

[Event "SB-2012-0-00213"]
[Site "LSS email"]
[Date "2012.02.25"]
[Round "?"]
[White "Townsend, John"]
[Black "Timkin, Nikolay"]
[Result "0-1"]
[WhiteElo "1701"]
[BlackElo "1808"]
[PlyCount "46"]
[EventDate "2012.02.03"]
[EventType "tourn (corr)"]
[EventRounds "6"]
[EventCountry "GER"]
[SourceTitle "Telechess CBM 163"]
[Source "ChessBase"]
[SourceDate "2014.11.11"]
[SourceVersion "2"]
[SourceVersionDate "2014.11.11"]
[SourceQuality "1"]

1. e4 c5 2. Nf3 Nc6 3. Bb5 g6 4. Bxc6 bxc6 5. 0-0 Bg7 6. Re1 f6 7. c3 Nh6 8. d4 cxd4 9. cxd4 0-0 10. Nc3 Nf7 11. Qa4 Qb6 12. b3 a5 13. Ba3 d6 14. Nd2 f5 15. Nf3 fxe4 16. Rxe4 Ba6 17. Bb2 e5 18. d5 Bb5 19. Qa3 cxd5 20. Nxd5 Qb7 21. Nc3 Bc6 22. Ree1 Bxf3 23. gxf3 Ng5 0-1

[Event "FICGS class C 000160 email"]
[Site "FICGS email"]
[Date "2011.11.02"]
[Round "1"]
[White "Broniek, Mariusz Maciej"]
[Black "Timkin, Nikolay"]
[Result "1-0"]
[WhiteElo "1923"]
[BlackElo "1907"]
[PlyCount "83"]
[EventDate "2011.??.??"]
[EventType "tourn (corr)"]
[EventRounds "1"]
[SourceTitle "Corr 2013"]
[Source "ChessBase"]
[SourceDate "2012.11.12"]
[SourceVersion "1"]
[SourceVersionDate "2012.11.12"]
[SourceQuality "1"]

1. e4 e5 2. Nf3 Nc6 3. Bb5 a6 4. Ba4 Nf6 5. 0-0 Be7 6. Re1 b5 7. Bb3 0-0 8. c3 d6 9. h3 Nb8 10. d4 Nbd7 11. Nbd2 Bb7 12. Bc2 Re8 13. a4 Rb8 14. axb5 axb5 15. Bd3 c6 16. b4 exd4 17. cxd4 Ra8 18. Rxa8 Qxa8 19. Nb3 d5 20. e5 Ne4 21. Bxe4 dxe4 22. Ng5 Bxb4 23. Qh5 Bxe1 24. Qxh7+ Kf8 25. Qh5 g6 26. Qh7 Ke7 27. Nxf7 Nf8 28. Qg7 Ne6 29. Bg5+ Kd7 30. Nc5+ Kc7 31. Nxe6+ Rxe6 32. d5 Re8 33. d6+ Kb6 34. d7 Bc3 35. Be3+ Ka5 36. Nd6 Rh8 37. Nxb7+ Ka4 38. Qe7 Kb3 39. Nc5+ Kc2 40. Qe6 Qa1+ 41. Kh2 Bxe5+ 42. g3 1-0

[Event "SB-2011-0-00181"]
[Site "LSS email"]
[Date "2011.10.12"]
[Round "?"]
[White "Bartsch, Christian"]
[Black "Timkin, Nikolay"]
[Result "1/2-1/2"]
[WhiteElo "1885"]
[BlackElo "1837"]
[PlyCount "80"]
[EventDate "2011.09.27"]
[EventType "tourn (corr)"]
[EventRounds "6"]
[EventCountry "GER"]
[SourceTitle "Corr 2015"]
[Source "ChessBase"]
[SourceDate "2015.07.17"]
[SourceVersion "1"]
[SourceVersionDate "2015.07.17"]
[SourceQuality "1"]

1. e4 c5 2. Nf3 Nc6 3. d4 cxd4 4. Nxd4 Nf6 5. Nc3 d6 6. Bg5 e6 7. Qd2 a6 8. 0-0-0 Bd7 9. Kb1 b5 10. f3 Be7 11. h4 Rc8 12. a3 Nxd4 13. Qxd4 Qc7 14. g4 h5 15. gxh5 Nxh5 16. Bxe7 Kxe7 17. Rg1 g6 18. Rg2 Nf6 19. Rgd2 Rxh4 20. Qe3 Qc5 21. Qe1 Rh5 22. Rxd6 Qxd6 23. Rxd6 Kxd6 24. f4 Ke7 25. Bd3 Bc6 26. Qg1 Nd7 27. Qd4 Bb7 28. a4 Nc5 29. e5 Rh1+ 30. Ka2 bxa4 31. Qb4 a5 32. Qa3 Rh3 33. Nxa4 Bd5+ 34. b3 Bxb3+ 35. cxb3 Rxd3 36. Nxc5 Rd2+ 37. Kb1 Rd1+ 38. Ka2 Rd2+ 39. Kb1 Rd1+ 40. Ka2 Rd2+ 1/2-1/2

[Event "LSS SB-2010-0-00124"]
[Site "LSS email"]
[Date "2010.12.20"]
[Round "?"]
[White "Timkin, Nikolay"]
[Black "Herzog, Klaus"]
[Result "1-0"]
[WhiteElo "1834"]
[BlackElo "1791"]
[PlyCount "115"]
[EventDate "2010.11.25"]
[EventType "tourn (corr)"]
[EventRounds "6"]
[EventCountry "GER"]
[SourceTitle "Telechess CBM 149"]
[Source "ChessBase"]
[SourceDate "2012.07.17"]
[SourceVersion "1"]
[SourceVersionDate "2012.07.17"]
[SourceQuality "1"]

1. e4 e5 2. Nf3 Nc6 3. Bb5 a6 4. Ba4 Nf6 5. 0-0 b5 6. Bb3 Be7 7. Re1 0-0 8. c3 d5 9. exd5 Nxd5 10. Nxe5 Nxe5 11. Rxe5 c6 12. d4 Bd6 13. Re1 Qh4 14. g3 Qh3 15. Be3 Bg4 16. Qd3 Rfe8 17. Nd2 Re6 18. a4 bxa4 19. Rxa4 f5 20. Qf1 f4 21. Bxf4 Qxf1+ 22. Rxf1 Bxf4 23. gxf4 Bh3 24. f5 Bxf5 25. Rd1 Rb8 26. Ra3 Rg6+ 27. Kh1 Kf8 28. f3 Bd3 29. Re1 Nf4 30. Rg1 Re8 31. Ne4 Be2 32. Rxg6 Bxf3+ 33. Kg1 hxg6 34. Ng5 Bd5 35. Bxd5 cxd5 36. Kf1 Rb8 37. b4 Rb6 38. Ra5 Ke7 39. Kf2 Rc6 40. Kf3 Rf6 41. h4 Nh5+ 42. Ke3 Nf4 43. Kd2 Rd6 44. Nf3 Ng2 45. Ke2 Re6+ 46. Ne5 Rd6 47. Nd3 Rc6 48. Kd2 Nxh4 49. Nf4 Kd7 50. Rxd5+ Kc8 51. Kd3 Nf3 52. Ng2 Kc7 53. Ra5 Kb7 54. Ra1 Rf6 55. Rh1 g5 56. Ne3 Kc6 57. Rh8 Kb5 58. c4+ 1-0